| 000 | 00539nam a2200193 a 4500 | ||
|---|---|---|---|
| 001 | 2441 | ||
| 003 | CO-ViMGA | ||
| 008 | 141112s2004 ck r 000 u spa d | ||
| 040 |
_aCO-ViMGA _bspa _cCO-ViMGA |
||
| 082 | 0 | 4 | _a304.2 U778p |
| 100 | 1 |
_aUrrútra, Enric Poli _951350 |
|
| 245 | 1 | 0 | _aPsicologia del medio ambiente |
| 260 |
_aBarcelona : _bOikos - tau, _c1981 |
||
| 300 | _a121 p : il | ||
| 490 | _aDidáctica del medio ambiente, 31 | ||
| 650 | 1 | 4 |
_aMEDIO AMBIENTE - PSICOLOGIA _951351 |
| 650 | 1 | 4 |
_aPSICOLOGIA _95002 |
| 942 |
_2ddc _cBK |
||
| 999 |
_c14521 _d14521 |
||